[Event "ESTCC U50 2018"]
[Site "Walbrzych"]
[Date "2018.04.21"]
[Round "8"]
[White "Bellia, Fabrizio"]
[Black "Ciuro Munoz, Ricardo"]
[Result "1-0"]
[WhiteElo "2443"]
[BlackElo "1972"]
[Annotator "TA"]
[PlyCount "79"]
[EventDate "2018.??.??"]
[EventCountry "POL"]
[SourceTitle "playchess.com"]
[Source "ChessBase"]
[SourceQuality "1"]
[WhiteTeam "Italy"]
[BlackTeam "Spain"]
[WhiteTeamCountry "ITA"]
[BlackTeamCountry "ESP"]

{[%evp 14,79,45,36,45,48,50,47,44,41,56,56,58,56,56,56,56,56,63,58,63,54,213,203,225,219,499,496,533,424,400,383,558,442,591,573,572,568,527,349,701,592,978,609,513,0,167,143,180,166,190,175,170,165,161,153,144,142,164,125,211,150,774,753,904,917,29991,29992]} 1. e4 e6 2. d4 d5 3. Nd2 {[%cal Bb1d2,Bd2e4,Be4c3][%mdl 32]} dxe4 4. Nxe4 Bd7 5. Nf3 Bc6 6. Bd3 Nd7 7. O-O Ngf6 {C10: French with 3 Nc3: Unusual Black 3rd moves and 3...dxe4} 8. Nc3 {LiveBook: 3 Games} (8. Ng3 g6 9. Qe2 Bg7 10. Ne5 Nxe5 11. dxe5 Nd7 12. f4 O-O 13. Be4 Bxe4 14. Nxe4 Qe7 15. Be3 Rfd8 16. Rad1 {½-½ (64) So,W (2815)-Carlsen,M (2832) chess.com INT 2017}) 8... Bxf3 9. Qxf3 c6 {White is slightly better.} 10. Re1 Be7 11. Bf4 Nd5 $146 ({Find the theoretical novelty and annotate with similar games:} 11... O-O 12. Rad1 Re8 13. a3 Nd5 14. Ne4 Nxf4 15. Qxf4 {½-½ (33) Tong,K (1646)-Dippel,J (1868) Nuremberg 2011}) 12. Nxd5 cxd5 13. c4 dxc4 14. Bxc4 O-O $1 15. Qxb7 Nb6 16. Bb3 $36 {[%mdl 2048] White has good play.} Qxd4 17. Be5 Qb4 $2 {[#]} (17... Qd7 $1 $14 18. Qe4 Rfd8) 18. Bc3 $1 $18 {[%cal Rc3b4]} Qc5 19. Re5 {[%cal Be1e5,Be5h5,Bh5h3,Bh3f3][%mdl 32]} Rfb8 $2 (19... Rab8 {is a better defense.} 20. Qxa7 (20. Rxc5 Rxb7 21. Rc6 Rd8 $11) 20... Nd5 21. Qxc5 Bxc5 22. Bxd5 exd5 23. Rxd5 Bb4) 20. Qe4 ({Inferior is} 20. Rxc5 Rxb7 21. Rc6 Rd7 $11) 20... Qc7 21. Rh5 g6 {[#]} 22. Qd4 $1 {[%csl Gc3][%cal Rd4h8][%mdl 512]} f6 (22... Qxc3 {keeps fighting.} 23. Qxc3 gxh5 24. Qg3+ Kf8) 23. Bxe6+ Kg7 24. Rh3 Rh8 25. Qh4 {[%csl Gh3][%cal Rh4h6]} h5 26. Rf3 Rhf8 $2 (26... Nd7 27. Rg3 Rad8) 27. Re1 Rad8 28. Qe4 Bd6 29. Qh4 $2 (29. g4 $18) 29... Be5 $2 (29... Be7 $1 $11 {and Black is okay.} 30. Bf5 Rd5) 30. Bb3 {And now Rxe5! would win.} Bxc3 31. Rxc3 Qd7 32. h3 {[%cal Bh2h3,Bh3h4][%mdl 32]} Rfe8 33. Rxe8 Rxe8 34. Qg3 {Rc7 is the strong threat.} Re7 35. Bc2 Qe8 36. Rc5 {Threatens to win with Rxh5.} Kh6 (36... Nd7 $16 {might work better.} 37. Rc3 Nf8) 37. h4 Nd7 $2 {[#]} (37... f5 $16 38. Bb3 Nd7 39. Qf4+ Kh7) 38. Rc8 $3 {[%mdl 512]} Re1+ (38... Qxc8 39. Qxg6#) 39. Kh2 Qe5 40. f4 {Precision: White = 85%, Black = 35%.} 1-0

[Event "ESTCC U50 2018"]
[Site "Walbrzych"]
[Date "2018.04.21"]
[Round "8"]
[White "Grabuzova, Tatiana"]
[Black "Szmyd, Marek"]
[Result "1-0"]
[WhiteElo "2311"]
[BlackElo "1898"]
[Annotator "TA"]
[PlyCount "83"]
[EventDate "2018.??.??"]
[EventCountry "POL"]
[SourceTitle "playchess.com"]
[Source "ChessBase"]
[SourceQuality "1"]
[WhiteTeam "Russia"]
[BlackTeam "Poland"]
[WhiteTeamCountry "RUS"]
[BlackTeamCountry "POL"]

{[%evp 11,83,76,85,84,93,55,58,39,57,51,51,77,46,35,68,-43,56,7,89,89,66,0,99,77,142,119,137,131,144,131,139,143,197,193,193,196,217,203,275,267,281,297,290,272,359,363,335,239,454,449,576,433,770,660,825,666,666,666,666,666,533,510,1504,896,995,994,931,965,2130,2086,5106,2073,1389,971]} 1. d4 b6 2. e4 Bb7 3. Bd3 Nc6 4. c3 e5 5. d5 Nce7 6. Nf3 {B00: Queen's Fianchetto Defence, Nimzowitsch Defence} (6. Ne2 Ng6 7. Nd2 c6 8. c4 Nf6 9. O-O Qc7 10. Nf3 Bc5 11. Ng3 O-O 12. Nf5 h6 {½-½ (34) Kreuzfahrtschiff (2667)-WindPower (2502) playchess.com INT 2007}) 6... Ng6 {LiveBook: 5 Games} 7. h4 Bd6 $146 ({Find the theoretical novelty and annotate with similar games:} 7... h5 8. Nbd2 Nf6 9. g3 Ng4 10. Ng5 Bc5 11. Rf1 a5 12. Nb3 Bd6 {1-0 (57) Tunik,G (2440)-Turikov,V (2291) St Petersburg 2011}) 8. g3 {White is better.} h6 9. Nbd2 c6 10. Nc4 Qc7 11. Nxd6+ Qxd6 12. c4 $36 {[%mdl 2048] White is more active.} Nf6 {[%cal Rc6d5]} 13. Qe2 (13. b3 $14) 13... O-O (13... cxd5 $15 14. exd5 (14. cxd5 Nxd5 15. Bd2 O-O $15) 14... O-O 15. Bxg6 fxg6) 14. h5 cxd5 (14... Ne7 $11 {remains equal.}) 15. cxd5 $16 Ne7 16. Nd2 (16. Nh4 $1 $14) 16... Rad8 (16... Nexd5 $1 $11 {keeps the balance.} 17. exd5 Qxd5) 17. f3 Nh7 ({Better is} 17... Nexd5 18. exd5 Bxd5) 18. g4 Qb8 19. Nf1 f6 20. Ng3 Ng5 21. Kf2 Qa8 (21... Bc8 $16 {might work better.} 22. Bd2 d6) 22. Be3 $18 d6 23. a4 {[%cal Ba2a4,Ba4a5][%mdl 32]} Kh8 24. a5 Nxd5 25. exd5 Bxd5 26. Bxg5 $1 ({Inferior is} 26. axb6 Bxf3 27. Rxa7 Bxe2 $11) 26... fxg5 27. Nf5 e4 28. Bxe4 ({Resist} 28. fxe4 Rde8 $18) 28... Rde8 {[%cal Rd5e4]} 29. Ra4 Re5 $2 (29... Bc6) 30. Qd3 {White is clearly winning.} Rfe8 31. Rc1 b5 (31... Bxe4 $142 32. Rxe4 Rxe4) 32. Rd4 Rxe4 33. fxe4 Bxe4 34. Rxe4 Rxe4 {[#]} 35. Rc8+ $1 {[%mdl 512]} Qxc8 36. Qxe4 Qc5+ (36... a6 $142 37. Ne7 Qd8) 37. Qd4 Qc7 38. a6 d5 39. Ke3 Qc1+ 40. Kd3 {[%csl Gf5][%cal Rd4g7]} Qd1+ {[#]} 41. Kc3 $1 {[%csl Gf5][%cal Rd4g7]} Qc1+ 42. Kb4 {Precision: White = 69%, Black = 18%.} 1-0

[Event "ESTCC U50 2018"]
[Site "Walbrzych"]
[Date "2018.04.21"]
[Round "8"]
[White "Kivimaki, Jaakko"]
[Black "Pietinen, Pekka"]
[Result "1-0"]
[WhiteElo "2181"]
[BlackElo "1983"]
[Annotator "NA"]
[PlyCount "62"]
[EventDate "2018.??.??"]
[EventCountry "POL"]
[SourceTitle "playchess.com"]
[Source "ChessBase"]
[SourceQuality "1"]
[WhiteTeam "Finland"]
[BlackTeam "Finland"]
[WhiteTeamCountry "FIN"]
[BlackTeamCountry "FIN"]
[TimeControl "40/5400+30:1800+30"]

1. d4 {[%emt 0:00:00]} d6 {[%emt 0:00:09]} 2. Nf3 {[%emt 0:00:00]} Bg4 {[%emt 0:00:22]} 3. e3 {[%emt 0:00:09]} Nd7 {[%emt 0:01:52]} 4. Be2 {[%emt 0:00:16]} e5 {[%emt 0:01:19] LiveBook: 15 Games} 5. c3 {[%emt 0:00:08]} c6 {[%emt 0:03:34]} 6. h3 {[%emt 0:00:25]} Bh5 {[%emt 0:00:23]} 7. b4 {[%emt 0:00:15]} Be7 {[%emt 0:05:15]} 8. a4 {[%emt 0:02:01]} e4 {[%emt 0:02:25]} 9. Nfd2 {[%emt 0:00:17]} Bxe2 {[%emt 0:00:07]} 10. Qxe2 {[%emt 0:00:07]} f5 {[%emt 0:00:10]} 11. g4 {[%emt 0:04:12]} d5 {[%emt 0:02:53]} 12. gxf5 {[%emt 0:00:47]} Ndf6 {[%emt 0:00:45]} (12... Nh6 $17 13. Qh5+ Nf7) 13. f3 {[%emt 0:04:46]} ({Better is} 13. Rg1 $15) 13... Nh5 {[%emt 0:04:22]} (13... Nh6 $17 14. fxe4 dxe4) 14. Rg1 {[%emt 0:04:19]} Bh4+ {[%emt 0:03:29]} 15. Kd1 {[%emt 0:00:08]} Ng3 {[%emt 0:01:12]} 16. Rxg3 {[%emt 0:02:47]} Bxg3 {[%emt 0:00:08]} 17. fxe4 {[%emt 0:00:16]} dxe4 {[%emt 0:03:25]} 18. Qh5+ {[%emt 0:01:39]} Kf8 {[%emt 0:00:23]} 19. Nxe4 {[%emt 0:00:49]} Nf6 {[%emt 0:00:17]} 20. Nxf6 {[%emt 0:00:39]} Qxf6 {[%emt 0:00:15]} 21. Nd2 {[%emt 0:04:04]} g6 $1 {[%emt 0:07:28]} 22. Ne4 $16 {[%emt 0:11:18]} gxh5 {[%emt 0:07:47]} 23. Nxf6 {[%emt 0:00:07]} h4 {[%emt 0:00:06]} 24. e4 {[%emt 0:04:07]} Kf7 {[%emt 0:00:37]} 25. e5 {[%emt 0:00:13]} a5 {[%emt 0:00:21]} 26. b5 {[%emt 0:17:42]} Rhd8 {[%emt 0:09:27]} 27. Ke2 {[%emt 0:02:07]} c5 {[%emt 0:00:54]} 28. Be3 {[%emt 0:04:00]} cxd4 {[%emt 0:01:21]} 29. Bxd4 {[%emt 0:00:16]} h6 {[%emt 0:00:59]} 30. Kf3 {[%emt 0:02:00]} Rac8 {[%emt 0:03:01]} 31. Ne4 {[%emt 0:02:08]} Rg8 {[%emt 0:02:16]} 1-0

[Event "ESTCC U50 2018"]
[Site "Walbrzych"]
[Date "2018.04.21"]
[Round "8"]
[White "Salonen, Jyrki"]
[Black "Akkanen, Timo"]
[Result "1-0"]
[WhiteElo "2159"]
[BlackElo "1667"]
[Annotator "NA"]
[PlyCount "99"]
[EventDate "2018.??.??"]
[EventCountry "POL"]
[SourceTitle "playchess.com"]
[Source "ChessBase"]
[SourceQuality "1"]
[WhiteTeam "Finland"]
[BlackTeam "Finland"]
[WhiteTeamCountry "FIN"]
[BlackTeamCountry "FIN"]
[TimeControl "40/5400+30:1800+30"]

1. e4 {[%emt 0:00:00]} e5 {[%emt 0:01:14]} 2. Bc4 {[%emt 0:01:19]} Bc5 {[%emt 0:01:47]} 3. Nf3 {[%emt 0:01:27]} d6 {[%emt 0:02:05]} 4. c3 {[%emt 0:04:00]} Nf6 {[%emt 0:00:28]} 5. d3 {[%emt 0:06:01]} h6 {[%emt 0:00:15]} 6. h3 {[%emt 0:02:22]} O-O {[%emt 0:01:55]} 7. O-O {[%emt 0:04:27]} Nc6 {[%emt 0:02:22]} 8. Re1 {[%emt 0:03:50]} Re8 {[%emt 0:02:31] LiveBook: 9 Games C54: Giuoco Piano: 4 c3 Nf6, main lines with 5 d4 and 5 d3} (8... a6 9. a4 Re8 10. b4 Ba7 11. Nbd2 Be6 12. Bxe6 Rxe6 13. Qc2 Qd7 14. Nf1 Ne7 15. Ng3 Ng6 16. c4 {½-½ (45) Karjakin,S (2763)-Anand,V (2776) Moscow 2018}) 9. Nbd2 {[%emt 0:07:10]} Bb6 {[%emt 0:07:22]} 10. Qe2 $146 {[%emt 0:06:01]} (10. b4 $14) ({Find the theoretical novelty and annotate with similar games:} 10. a4 a6 11. Nf1 Be6 12. Bb3 d5 13. exd5 Bxd5 14. Bc2 e4 15. dxe4 Bxe4 16. Bxe4 {½-½ (16) Degraeve,J (2569)-Dorfman,J (2583) Belfort 2010}) 10... Qe7 {[%emt 0:03:35]} 11. Nf1 {[%emt 0:03:31]} Be6 {[%emt 0:04:33]} 12. Bb5 {[%emt 0:02:42]} a6 {[%emt 0:00:31]} 13. Ba4 {[%emt 0:01:12]} Ba7 {[%emt 0:00:21]} 14. Ng3 {[%emt 0:01:40]} b5 {[%emt 0:00:40]} 15. Bc2 {[%emt 0:00:30]} Qd7 {[%emt 0:03:13]} 16. Kh2 {[%emt 0:11:55]} Kh7 {[%emt 0:03:14]} 17. Nh4 {[%emt 0:02:46]} Ne7 {[%emt 0:01:20]} 18. d4 {[%emt 0:02:23]} Bc4 {[%emt 0:06:31]} 19. Qd2 {[%emt 0:02:37]} c6 {[%emt 0:09:40]} 20. b3 {[%emt 0:01:30]} Be6 {[%emt 0:00:15]} 21. d5 {[%emt 0:00:30]} Bg4 {[%emt 0:00:42]} 22. f3 {[%emt 0:06:13]} g5 {[%emt 0:01:26]} 23. dxc6 {[%emt 0:04:42]} Qxc6 {[%emt 0:01:23]} 24. hxg4 {[%emt 0:02:10]} gxh4 {[%emt 0:00:29]} 25. Nf5 {[%emt 0:07:55]} Nxf5 {[%emt 0:01:01]} 26. exf5 {[%emt 0:00:11]} Ng8 {[%emt 0:02:43]} 27. Be4 {[%emt 0:02:30]} Qb6 {[%emt 0:09:42]} 28. Bxa8 $18 {[%emt 0:00:22]} Rxa8 {[%emt 0:00:04]} 29. Qe3 {[%emt 0:02:18]} Qb7 {[%emt 0:02:15]} 30. Qd3 {[%emt 0:01:49]} f6 {[%emt 0:02:53]} 31. Be3 {[%emt 0:00:20]} Bb8 {[%emt 0:01:21]} 32. Rad1 {[%emt 0:02:27]} Ne7 {[%emt 0:00:29]} 33. Qd2 {[%emt 0:01:07]} Ng8 {[%emt 0:05:57]} 34. Qd5 {[%emt 0:00:35]} Qxd5 {[%emt 0:01:32]} 35. Rxd5 {[%emt 0:00:08]} Ne7 {[%emt 0:00:18]} 36. Rdd1 {[%emt 0:01:00]} a5 {[%emt 0:03:02]} 37. Kh3 {[%emt 0:01:09]} Bc7 {[%emt 0:03:43]} 38. Kxh4 {[%emt 0:00:36]} h5 {[%emt 0:00:36]} 39. Kxh5 {[%emt 0:01:54]} Kg7 {[%emt 0:00:24]} 40. Kh4 {[%emt 0:00:00]} d5 {[%emt 0:01:00]} 41. Kg3 {[%emt 0:01:24]} b4 {[%emt 0:04:29]} 42. cxb4 {[%emt 0:02:51]} d4 {[%emt 0:00:17]} 43. Bd2 {[%emt 0:05:35]} axb4 {[%emt 0:00:49]} 44. Bxb4 {[%emt 0:05:44]} Nd5 {[%emt 0:00:12]} 45. Rc1 {[%emt 0:01:39]} e4+ {[%emt 0:02:57]} 46. Rxc7+ {[%emt 0:00:16]} Nxc7 {[%emt 0:00:14]} 47. Rxe4 {[%emt 0:00:26]} Nb5 {[%emt 0:03:28]} 48. a4 {[%emt 0:00:45]} Nc3 {[%emt 0:00:10]} 49. Bxc3 {[%emt 0:00:17]} dxc3 {[%emt 0:00:05]} 50. Rc4 {[%emt 0:00:11]} 1-0

[Event "ESTCC U50 2018"]
[Site "Walbrzych"]
[Date "2018.04.21"]
[Round "8"]
[White "Ograbek, Grzegorz"]
[Black "Burchardt, Brigitte"]
[Result "0-1"]
[WhiteElo "2140"]
[BlackElo "2166"]
[Annotator "NA"]
[PlyCount "102"]
[EventDate "2018.??.??"]
[EventCountry "POL"]
[SourceTitle "playchess.com"]
[Source "ChessBase"]
[SourceQuality "1"]
[WhiteTeam "Poland"]
[BlackTeam "Germany"]
[WhiteTeamCountry "POL"]
[BlackTeamCountry "GER"]
[TimeControl "40/5400+30:1800+30"]

1. d4 {[%emt 0:00:00]} d5 {[%emt 0:00:06]} 2. c4 {[%emt 0:00:00]} e6 {[%emt 0:00:04]} 3. Nc3 {[%emt 0:00:00]} Nf6 {[%emt 0:00:08]} 4. Nf3 {[%emt 0:00:13]} c6 {[%emt 0:01:43] LiveBook: 26507 Games} 5. e3 {[%emt 0:02:28]} Nbd7 {[%emt 0:04:44]} 6. Bd3 {[%emt 0:00:09]} Bd6 {[%emt 0:03:43]} 7. O-O {[%emt 0:00:09]} dxc4 {[%emt 0:06:18]} 8. Bxc4 {[%emt 0:00:07]} O-O {[%emt 0:00:05]} 9. e4 {[%emt 0:04:25]} e5 {[%emt 0:03:44]} 10. Bg5 {[%emt 0:01:59]} Qc7 {[%emt 0:18:59]} 11. Rc1 {[%emt 0:35:50]} ({White should play} 11. d5 $14) 11... exd4 {[%emt 0:11:09] D46: Semi-Slav: 5 e3 Nbd7 6 Bd3, Black avoids the Meran} 12. Nb5 $146 {[%emt 0:00:55]} ({Predecessor:} 12. Qxd4 Bf4 13. Nb5 Qb8 14. Bxf4 Qxf4 15. e5 Qxd4 16. Nbxd4 Ng4 17. Rfe1 Nb6 18. Bb3 Nh6 19. e6 fxe6 {1-0 (50) Kahlert,T (2233)-Mueller,M (2246) Germany 2016}) 12... cxb5 {[%emt 0:00:06]} 13. Bxf7+ {[%emt 0:00:10]} Rxf7 {[%emt 0:00:05]} 14. Rxc7 {[%emt 0:00:06]} Bxc7 {[%emt 0:00:05]} 15. Qxd4 {[%emt 0:01:42]} Bb6 {[%emt 0:06:53]} 16. Qb4 {[%emt 0:09:03]} Bc5 {[%emt 0:06:52]} 17. Qb3 {[%emt 0:07:51]} Nxe4 $17 {[%emt 0:04:26]} 18. Be3 {[%emt 0:00:41]} h6 {[%emt 0:11:17]} 19. Rd1 {[%emt 0:00:43]} Bxe3 {[%emt 0:04:33]} 20. fxe3 {[%emt 0:04:36]} Ng5 {[%emt 0:06:32]} 21. Rd5 {[%emt 0:10:58]} Nxf3+ {[%emt 0:00:55]} 22. gxf3 {[%emt 0:00:07]} b6 {[%emt 0:04:03]} 23. e4 {[%emt 0:00:36]} Nf8 {[%emt 0:00:14]} 24. Re5 {[%emt 0:02:14]} Bd7 {[%emt 0:00:37]} 25. Re7 {[%emt 0:00:18]} Be8 {[%emt 0:00:45]} 26. e5 {[%emt 0:11:47]} Ng6 {[%emt 0:01:36]} 27. Rxf7 {[%emt 0:03:13]} Bxf7 {[%emt 0:00:05]} 28. e6 {[%emt 0:00:08]} Be8 {[%emt 0:00:04]} 29. f4 {[%emt 0:00:10]} Rc8 {[%emt 0:00:55]} 30. f5 {[%emt 0:02:47]} Ne7 {[%emt 0:00:05]} 31. Qf3 {[%emt 0:00:09]} Rc1+ {[%emt 0:00:21]} 32. Kf2 {[%emt 0:00:11]} Rc5 {[%emt 0:00:18]} 33. Qa8 {[%emt 0:00:16]} Rxf5+ {[%emt 0:00:17]} 34. Kg1 {[%emt 0:01:17]} Kf8 {[%emt 0:01:13]} 35. Qxa7 {[%emt 0:00:17]} Nd5 {[%emt 0:00:26]} 36. Qb7 {[%emt 0:01:23]} b4 {[%emt 0:00:15]} 37. h3 {[%emt 0:00:15]} h5 {[%emt 0:00:10]} 38. Qb8 {[%emt 0:00:10]} g6 {[%emt 0:01:23]} 39. Qd8 {[%emt 0:00:05]} g5 {[%emt 0:01:18]} 40. a3 {[%emt 0:00:00]} bxa3 {[%emt 0:00:39]} 41. bxa3 {[%emt 0:02:19]} b5 {[%emt 0:05:00]} 42. Kh2 {[%emt 0:01:04]} Nf6 {[%emt 0:06:25]} 43. Qd6+ {[%emt 0:11:11]} Kg7 {[%emt 0:00:11]} 44. Kg1 {[%emt 0:01:34]} Rd5 {[%emt 0:01:43]} 45. Qe7+ {[%emt 0:00:20]} Kg6 {[%emt 0:00:06]} 46. Qc7 {[%emt 0:01:36]} Kf5 {[%emt 0:01:35]} 47. Qc8 {[%emt 0:02:08]} Re5 {[%emt 0:03:01]} 48. e7+ {[%emt 0:01:35]} Bd7 {[%emt 0:01:27]} 49. Qf8 {[%emt 0:00:25]} Be8 {[%emt 0:01:06]} 50. Kf2 {[%emt 0:01:24]} Kg6 {[%emt 0:01:48]} 51. Kf3 {[%emt 0:02:19]} Rc5 {[%emt 0:00:17]} 0-1

[Event "ESTCC U50 2018"]
[Site "Walbrzych"]
[Date "2018.04.21"]
[Round "8"]
[White "Sazonova, Elena N"]
[Black "Szydelko, Kazimierz"]
[Result "1-0"]
[WhiteElo "2139"]
[BlackElo "1689"]
[Annotator "NA"]
[PlyCount "53"]
[EventDate "2018.??.??"]
[EventCountry "POL"]
[SourceTitle "playchess.com"]
[Source "ChessBase"]
[SourceQuality "1"]
[WhiteTeam "Russia"]
[BlackTeam "Poland"]
[WhiteTeamCountry "RUS"]
[BlackTeamCountry "POL"]
[TimeControl "40/5400+30:1800+30"]

1. e4 {[%emt 0:00:00]} c5 {[%emt 0:00:10]} 2. Nf3 {[%emt 0:00:00]} d6 {[%emt 0:00:19]} 3. d4 {[%emt 0:00:16]} cxd4 {[%emt 0:00:05]} 4. Nxd4 {[%emt 0:00:05]} Nf6 {[%emt 0:00:10]} 5. Nc3 {[%emt 0:00:07]} Nc6 {[%emt 0:00:19]} 6. f3 {[%emt 0:00:49]} a6 {[%emt 0:02:37] LiveBook: 67 Games} 7. Be3 {[%emt 0:03:40]} Qc7 {[%emt 0:02:07]} 8. g4 {[%emt 0:09:31]} e6 {[%emt 0:00:28]} 9. g5 {[%emt 0:01:09]} Nd7 {[%emt 0:00:20]} 10. Qe2 {[%emt 0:00:46]} b5 {[%emt 0:00:56]} 11. Nxc6 {[%emt 0:08:07]} Qxc6 $11 {[%emt 0:00:14]} 12. Bd4 {[%emt 0:09:12]} Bb7 {[%emt 0:06:37]} 13. O-O-O {[%emt 0:02:47]} Rc8 {[%emt 0:05:55]} 14. Kb1 {[%emt 0:06:00]} Be7 {[%emt 0:12:07]} 15. f4 {[%emt 0:16:28]} e5 {[%emt 0:13:49]} 16. Be3 {[%emt 0:02:54]} Nb6 {[%emt 0:05:49]} 17. Bh3 {[%emt 0:04:30]} Rd8 {[%emt 0:07:40]} 18. Bxb6 {[%emt 0:05:28]} Qxb6 {[%emt 0:00:08]} 19. Nd5 {[%emt 0:00:14]} Bxd5 {[%emt 0:10:34]} 20. exd5 {[%emt 0:00:11]} O-O {[%emt 0:00:30]} 21. Rhg1 {[%emt 0:01:15]} exf4 {[%emt 0:06:52]} 22. g6 {[%emt 0:00:18]} Bf6 {[%emt 0:09:53]} 23. gxf7+ {[%emt 0:00:18]} Kh8 {[%emt 0:02:21]} 24. Be6 {[%emt 0:00:39]} Be5 {[%emt 0:00:27]} 25. Qh5 {[%emt 0:00:30]} g6 {[%emt 0:09:53]} 26. Rxg6 {[%emt 0:00:18]} Qc7 {[%emt 0:01:39]} 27. Rh6 {[%emt 0:00:22]} 1-0

[Event "ESTCC U50 2018"]
[Site "Walbrzych"]
[Date "2018.04.21"]
[Round "8"]
[White "Laszewicz, Pawel"]
[Black "Strutinskaia, Galina"]
[Result "0-1"]
[WhiteElo "2110"]
[BlackElo "2232"]
[Annotator "NA"]
[PlyCount "160"]
[EventDate "2018.??.??"]
[EventCountry "POL"]
[SourceTitle "playchess.com"]
[Source "ChessBase"]
[SourceQuality "1"]
[WhiteTeam "Poland"]
[BlackTeam "Russia"]
[WhiteTeamCountry "POL"]
[BlackTeamCountry "RUS"]
[TimeControl "40/5400+30:1800+30"]

1. e4 {[%emt 0:00:00]} c5 {[%emt 0:00:05]} 2. Nf3 {[%emt 0:00:00]} d6 {[%emt 0:00:13]} 3. Nc3 {[%emt 0:00:49]} a6 {[%emt 0:01:05]} 4. d4 {[%emt 0:02:32]} cxd4 {[%emt 0:00:09]} 5. Nxd4 {[%emt 0:00:11]} Nf6 {[%emt 0:00:36]} 6. Nb3 {[%emt 0:01:45]} e6 {[%emt 0:05:03] B90: Sicilian Najdorf: Unusual White 6th moves, 6 Be3 Ng4 and 6 Be3 e5} 7. g4 {[%emt 0:09:59]} h6 {[%emt 0:01:24] LiveBook: 5 Games} (7... b5 8. Bg2 Bb7 9. g5 Nfd7 10. O-O Be7 11. f4 O-O 12. Qg4 Re8 13. Be3 Nc6 14. Rad1 {1-0 (51) Demchenko,A (2645)-Areshchenko,A (2652) Tbilisi 2017}) 8. Bg2 {[%emt 0:01:20]} Be7 {[%emt 0:01:44]} 9. Be3 {[%emt 0:01:07]} Nc6 {[%emt 0:00:55]} 10. Qe2 {[%emt 0:03:45]} Qc7 {[%emt 0:01:54]} 11. f4 {[%emt 0:23:47]} Nd7 $146 {[%emt 0:08:34]} ({Predecessor:} 11... b5 12. a3 Bb7 13. O-O-O Rc8 14. Rhe1 {1-0 (57) Marek,M (2435)-Rabatin,J (2299) Ostrava 2016}) 12. h4 {[%emt 0:06:30]} b5 {[%emt 0:00:47]} 13. O-O-O {[%emt 0:10:02]} b4 {[%emt 0:10:06]} 14. Nd5 {[%emt 0:02:56]} exd5 {[%emt 0:01:25]} 15. exd5 {[%emt 0:00:04]} Nce5 {[%emt 0:01:24]} 16. fxe5 {[%emt 0:01:15]} Nxe5 {[%emt 0:00:05]} 17. Rd4 {[%emt 0:11:19]} a5 {[%emt 0:00:41]} 18. Kb1 {[%emt 0:06:52]} Ba6 {[%emt 0:01:24]} 19. Qd1 {[%emt 0:03:44]} Nc4 {[%emt 0:01:01]} 20. Bc1 {[%emt 0:01:23]} a4 {[%emt 0:01:40]} 21. Na1 {[%emt 0:07:43] [#]} Bf6 $1 {[%emt 0:12:05]} 22. Re4+ {[%emt 0:01:05]} (22. g5 $142 Bxd4 23. Qxd4) 22... Kf8 {[%emt 0:00:52]} 23. g5 {[%emt 0:00:27]} Be5 {[%emt 0:01:42]} 24. gxh6 {[%emt 0:01:54]} Rxh6 {[%emt 0:00:31]} 25. Bxh6 {[%emt 0:01:05]} gxh6 {[%emt 0:03:11]} 26. Rxe5 $1 {[%emt 0:00:10]} Nxe5 {[%emt 0:00:42]} 27. Qh5 {[%emt 0:00:17]} Ke7 {[%emt 0:01:10]} 28. Qxh6 {[%emt 0:00:21]} Rg8 {[%emt 0:00:06]} 29. Be4 {[%emt 0:00:13]} Qc5 {[%emt 0:00:55]} 30. Qc1 {[%emt 0:00:54]} Qd4 {[%emt 0:01:22]} 31. Qe1 {[%emt 0:00:32]} a3 {[%emt 0:00:34]} 32. c3 {[%emt 0:00:17]} bxc3 {[%emt 0:01:00]} 33. Nc2 {[%emt 0:00:38]} Qd2 {[%emt 0:04:02]} 34. Qxd2 {[%emt 0:00:21]} cxd2 {[%emt 0:00:01]} 35. Nxa3 {[%emt 0:00:36]} Be2 {[%emt 0:01:04]} 36. Bc2 {[%emt 0:00:33]} Bf3 $19 {[%emt 0:03:44]} 37. Rf1 {[%emt 0:00:24]} Bxd5 {[%emt 0:00:27]} 38. b3 {[%emt 0:00:34]} Rg2 {[%emt 0:00:38]} 39. Kb2 {[%emt 0:00:29]} Nd3+ {[%emt 0:05:34]} 40. Kc3 {[%emt 0:00:00]} Nc1 {[%emt 0:00:13]} 41. Rd1 {[%emt 0:09:04]} Nxa2+ {[%emt 0:00:48]} 42. Kb2 {[%emt 0:02:08]} Nb4 {[%emt 0:01:31]} 43. Kc3 {[%emt 0:02:34]} Nxc2 {[%emt 0:01:06]} 44. Kxc2 {[%emt 0:00:30]} Be4+ {[%emt 0:00:25]} 45. Kc3 {[%emt 0:00:43]} Rg3+ {[%emt 0:00:36]} 46. Kb2 {[%emt 0:05:18]} Bd5 {[%emt 0:02:30]} 47. Nc4 {[%emt 0:00:34]} Bxc4 {[%emt 0:07:46]} 48. bxc4 {[%emt 0:00:03]} Rg2 {[%emt 0:04:01]} 49. Kc3 {[%emt 0:01:07]} Rh2 {[%emt 0:00:08]} 50. Rxd2 {[%emt 0:00:45]} Rxh4 {[%emt 0:00:05]} 51. Re2+ {[%emt 0:01:09]} Kf6 {[%emt 0:00:26]} 52. Re8 {[%emt 0:01:05]} Rf4 {[%emt 0:00:49]} 53. Kd3 {[%emt 0:01:16]} Rf1 {[%emt 0:00:41]} 54. Re2 {[%emt 0:02:04]} Kg5 {[%emt 0:00:45]} 55. Re8 {[%emt 0:01:24]} Rd1+ {[%emt 0:01:12]} 56. Kc2 {[%emt 0:00:29]} Rh1 {[%emt 0:00:52]} 57. Rd8 {[%emt 0:00:58]} Rh6 {[%emt 0:00:10]} 58. Kc3 {[%emt 0:02:45]} Kf5 {[%emt 0:00:31]} 59. Rf8 {[%emt 0:02:47]} Ke6 {[%emt 0:00:23]} 60. Re8+ {[%emt 0:00:15]} Kd7 {[%emt 0:00:23]} 61. Re2 {[%emt 0:00:44]} f5 {[%emt 0:01:14]} 62. Kd4 {[%emt 0:00:44]} Rh1 {[%emt 0:01:33]} 63. Rd2 {[%emt 0:01:21]} Rh4+ {[%emt 0:00:27]} 64. Kd5 {[%emt 0:00:25]} Re4 {[%emt 0:00:06]} 65. Ra2 {[%emt 0:01:03]} Re5+ {[%emt 0:00:13]} 66. Kd4 {[%emt 0:00:02]} Ke6 {[%emt 0:00:22]} 67. Ra8 {[%emt 0:00:18]} f4 {[%emt 0:03:07]} 68. Ra3 {[%emt 0:02:49]} Kf5 {[%emt 0:00:17]} 69. Ra8 {[%emt 0:00:21]} Re6 {[%emt 0:00:39]} 70. Rg8 {[%emt 0:01:15]} Rf6 {[%emt 0:00:46]} 71. Rg1 {[%emt 0:00:29]} Rg6 {[%emt 0:02:15]} 72. Rf1 {[%emt 0:00:56]} Rg2 {[%emt 0:00:31]} 73. Re1 {[%emt 0:00:17]} Rd2+ {[%emt 0:02:08]} 74. Kc3 {[%emt 0:00:02]} Ra2 {[%emt 0:00:19]} 75. Re8 {[%emt 0:00:43]} f3 {[%emt 0:00:26]} 76. Kd4 {[%emt 0:00:48]} Rd2+ {[%emt 0:00:47]} 77. Kc3 {[%emt 0:00:07]} Rd1 {[%emt 0:00:41]} 78. Kc2 {[%emt 0:00:33]} Rd4 {[%emt 0:00:02]} 79. Rf8+ {[%emt 0:00:38]} Kg4 {[%emt 0:00:29]} 80. Kc3 {[%emt 0:00:49]} Rf4 {[%emt 0:00:10]} 0-1